000
00358nam a2200145Ia 4500
008
151213s9999 xx 000 0 und d
100
_a
Michael Toolan
245
_a
Language In Literature
_c
Michael Toolan
260
_a
New Dilhi
_b
Arnold
_c
1996
300
_a
2213 p.
650
_a
English
650
_a
English
700
_a
Michael Toolan
999
_c
1618
_d
1618